000 00576nam a2200169 a 4500
001 000028107
005 20200930031344.0
008 110406s2004 dr 000 0 spa d
040 _aDO-SdBNP
_bspa
_cBNPHU
082 _axxx
_bR426d
110 1 _aRepública Dominicana
_9447
240 1 0 _a[Leyes, etc.]
245 1 0 _aProyecto de Ley de implementación del Proceso Penal :
_binstituido por la ley no. 76-02.
260 _aSanto Domingo :
_bComisión Nacional de Ejecución de la Reforma del Proceso Penal,
_c2004.
_fEditora Búho
300 _a30 cm. ;
_c21 cm.
049 _aBNPD
999 _c27599
_d27599